| 000 | 01011cam a2200313 i 4500 | ||
|---|---|---|---|
| 999 |
_c200446926 _d65138 |
||
| 003 | TR-AnTOB | ||
| 005 | 20220930182048.0 | ||
| 007 | ta | ||
| 008 | 200105s2020 tu $r03j01 $$$$ f0tu ur u | ||
| 020 | _a9789752205741 | ||
| 040 |
_aTR-AnTOB _beng _erda _cTR-AnTOB _dTR-AnTOB |
||
| 041 | 0 | _atur | |
| 044 | _ctu | ||
| 050 | 1 | 4 |
_aPL248.M536 _bS263 2021 |
| 090 |
_aJUN PL 248 .M536 _bS263 2021 |
||
| 100 | 1 |
_aMiandji, Anooshirvan M. _q(Anooshirvan Mohammadzadeh), _d1971- _eauthor _9125582 |
|
| 245 | 1 | 0 |
_aSamanadam / _cAnooshirvan Miandji ; [kapak ve resimler : Cengiz Gürer]. |
| 250 | _a12. basım Mayıs 2021 | ||
| 264 | 1 |
_aİstanbul : _bBilgi Yayınevi, _c2021. |
|
| 300 |
_a54 pages : _billustrations ; _c21 cm |
||
| 336 |
_atext _btxt _2rdacontent |
||
| 337 |
_aunmediated _bn _2rdamedia |
||
| 338 |
_avolume _bnc _2rdacarrier |
||
| 650 | 7 |
_aÇocuk edebiyatı _2etuturkob _957783 |
|
| 650 | 0 | _aİran romanı. | |
| 700 | 1 |
_aGürer, Cengiz _eauthor _9137102 |
|
| 942 |
_2lcc _cBK |
||